|
|
|
|
| LEADER |
00000nas a2200000 i 4500 |
| 001 |
ssj0001071832 |
| 003 |
WaSeSS |
| 005 |
20200512172242.0 |
| 006 |
m d |
| 007 |
cr n |
| 008 |
131213c20uu9999enkt| p|s|||||| |0ger d |
| 035 |
|
|
|a (WaSeSS)ssj0001071832
|
| 040 |
|
|
|a WaSeSS
|b eng
|c WaSeSS
|d WaSeSS
|
| 043 |
|
|
|a e-gx---
|
| 050 |
1 |
4 |
|a HG5491
|
| 245 |
0 |
0 |
|a Deutsches risk
|h [electronic resource].
|
| 260 |
|
|
|a London :
|b Incisive Media Plc
|
| 310 |
|
|
|a Three times a year
|
| 506 |
|
|
|a License restrictions may limit access.
|
| 588 |
|
|
|a Description based on: Summer 2009; title from title screen (ProQuest, viewed Dec. 13, 2013).
|
| 588 |
|
|
|a Latest issue consulted: Autumn 2013 (viewed Dec. 13, 2013).
|
| 650 |
|
0 |
|a Securities
|z Germany
|v Periodicals.
|
| 650 |
|
0 |
|a Risk management
|z Germany
|v Periodicals.
|
| 650 |
|
0 |
|a Venture capital
|z Germany
|v Periodicals.
|
| 655 |
|
0 |
|a Electronic journals.
|
| 856 |
4 |
0 |
|z Full text available from Research Library: 07/01/2009 to 10/31/2013
|u https://search.proquest.com/publication/54886
|